00329nam a2200133Ia 4500008004100000041000800041082001200049100001500061245003200076250001400108260003200122300003000154365001100184240624s9999 xx 000 0 und d aeng a150 BRY aBRYON MIKE aULTIMATE PSYCHOMETRIC TESTS a(2nd ed.) c2012aNew DelhibKogan Page avi, : 275 : p. : cm. ; 24 cRSb33